000 00494nam a22001577a 4500
005 20251108164301.0
008 250721s1986 xx 000 0 ara d
082 1 4 _a629.1/خضر
100 1 _aالفيتوري، خضر محمد
245 1 0 _aالطيران المبسط /
264 1 _aطرابلس (ليبيا) :
_bالدار الجماهيرية للنشر و التوزيع و الاعلان،
_c1986.
300 _a100ص
650 1 7 _aالطيران
942 _2ddc
_cBK
999 _c8320
_d8320